000 01314nam a2200289 4500
003 OSt
005 20170921153334.0
008 160502s2017 ua g b 000 0 ara d
020 _a9789774402469
040 _aMa-Un
_bara
_cDar Arab
082 0 4 _221
_a070.5797
_bع ف ن
100 1 _953479
_aعبد الرحمن، فردوس عمر عثمان
245 1 2 _aالنشر الإلكتروني والشبكات والمكتبة الإلكترونية والإنترنت وخدماتها بالمكتبات الجامعية /
_cفردوس عمر عثمان عبد الرحمن.
250 _aط. 1.
260 _aالقاهرة :
_bالدار العالمية،
_c2017.
300 _a363 ص. ؛
_c24 سم.
504 _aيشتمل على إرجاعات ببليوجرافية.
504 _aببليوجرافية : ص. 341-363.
650 4 _aالنشر الإلكتروني
_922168
650 4 _aالمكتبات والإنترنت
_912519
650 4 _aالمكتبات
_xأتمتة
_914729
650 4 _aالمكتبات الرقمية
_914411
942 _cBOOK
700 1 2 _tمفتاح العلوم.
_944322
700 1 2 _tالتلخيص في علوم البلاغة.
_959749
700 1 2 _tتفسير الفخر الرازي، المشتهر، بالتفسير الكبير ومفاتيح الغيب.
_959611
999 _c40934
_d310554